LEADER 01133nam a2200277 4500 001 000000362038 003 CaOOAMICUS 005 20250311121101.0 008 250310s2005 it 000 u ita r 020 $a88-211-9439-6 040 $aSeMil$bita 100 1 $aKantorowicz, Ernst Hartwig,$d<1895-1963>.$0(OLS)http://semarc/name/19772 245 12$aI misteri dello Stato /$cErnst H. Kantorowicz ; a cura di Gianluca Solla. 264 1$aGenova-Milano :$bMarietti 1820,$c2005. 300 $a231 p. ;$c21 cm 490 1 $aKairos 650 4$aStato - Concezione.$0(OLS)http://semarc/subject/57287 700 1 $aSolla, Gianluca.$0(OLS)http://semarc/name/6367 830 0$aKairos.$0(OLS)http://semarc/title/452411 850 $aSeMil 852 $aSeMil$W1$xVenegono$y1$m2G III 24$j255116$B252977$CSeMilBibl$Z2$F252977 $81 961 $aBuzzi mons. Franco - Omaggio 996 $6020$a88-211-9439-6$9(OLS)http://semarc/number/302687 996 $6245$aI misteri dello Stato$9(OLS)http://semarc/title/452891 996 $6264$aGenova-Milano :$bMarietti 1820$9(OLS)http://semarc/publisher/31303 LEADER 00588nas a2200157 i 4500 001 000000016042 003 CaOOAMICUS 005 20180830125443.0 008 180830n it u0 ita u 040 $aSeMil$bita 245 13$aIl male di grecia /$ccollana a cura di Filippo Maria Pontani. 260 $aMilano :$bAll'insegna del pesce d'oro,$c[197?] 300 $av. ;$c18 cm. 700 1 $aPontani, Filippo Maria.$0(OLS)http://semarc/name/374 996 $6245$aIl male di grecia$9(OLS)http://semarc/title/21238 996 $6260$aMilano :$bAll'insegna del pesce d'oro$9(OLS)http://semarc/publisher/29752